| 000 | 00475nam a22001817a 4500 | ||
|---|---|---|---|
| 003 | MPLRDC | ||
| 005 | 20220104193159.0 | ||
| 008 | 210129b ||||| |||| 00| 0 eng d | ||
| 020 | _a978-986-7069-88-7 | ||
| 082 | _a418.914 WYZ-3 | ||
| 100 | _a吴永志 TOM WU | ||
| 245 |
_a不一样的自然养生法: 实践100问 _c |
||
| 250 | _a初版91刷 | ||
| 260 |
_a台湾 _b原水文化出版 _c2013 |
||
| 300 | _b平 | ||
| 650 | _a饮料疗法 | ||
| 942 |
_cBK _o418.914 WYZ-3 |
||
| 999 |
_c65069 _d65059 |
||